[Event "NM for klubblag"]
[Site "Drammen"]
[Date "2010.10.10"]
[Round "5"]
[White "Nordahl, Helge A"]
[Black "Stokke, Kjetil"]
[Result "1/2-1/2"]
[WhiteElo "2331"]
[BlackElo "2395"]
[PlyCount "38"]
[EventDate "2010.10.08"]
[WhiteTeam "Black Knights 1"]
[BlackTeam "Bergens Schakklub"]

1. d4 g6 2. c4 Bg7 3. e4 d6 4. Nc3 Nf6 5. f4 O-O 6. Nf3 Na6 7. Be2 e5 8. dxe5
dxe5 9. Nxe5 Nc5 10. Bf3 Qxd1+ 11. Kxd1 Rd8+ 12. Kc2 Nfxe4 13. Nxe4 Bf5 14. Re1
Bxe5 15. fxe5 Rd4 16. Kc3 Rd3+ 17. Kc2 Rd4 18. Kc3 Rd3+ 19. Kc2 Rd4 1/2-1/2

[Event "NM for klubblag"]
[Site "Drammen"]
[Date "2010.10.10"]
[Round "5"]
[White "Gabrielsen, Stig"]
[Black "Ådnøy, Hallvard Voll"]
[Result "0-1"]
[WhiteElo "2274"]
[BlackElo "2275"]
[PlyCount "76"]
[EventDate "2010.10.08"]
[WhiteTeam "Bergens Schakklub"]
[BlackTeam "Black Knights 1"]

1. e4 d6 2. d4 Nf6 3. Nc3 e5 4. Nf3 Nbd7 5. Bc4 Be7 6. O-O O-O 7. a4 a5 8. Re1
c6 9. Ba2 Qc7 10. h3 Re8 11. Bg5 h6 12. Bh4 Nf8 13. Bg3 Ng6 14. dxe5 dxe5 15.
Nd2 Bc5 16. Qf3 Be6 17. Nc4 Rad8 18. Rad1 Bb4 19. Bb3 Nd7 20. Ne3 Bxb3 21. cxb3
Nc5 22. Nf5 Nxb3 23. Qg4 Bf8 24. h4 Kh7 25. h5 Nf4 26. Rxd8 Rxd8 27. Bxf4 exf4
28. e5 Nc5 29. Qxf4 Nd3 30. Qe4 Nxe1 31. e6 Kg8 32. e7 Bxe7 33. Nxe7+ Kf8 34.
Nf5 Re8 35. Qg4 Qe5 36. Ne4 Re6 37. f3 Qxb2 38. Nc5 Nxf3+ 0-1

[Event "NM for klubblag"]
[Site "Drammen"]
[Date "2010.10.10"]
[Round "5"]
[White "Ekeberg, Carl Fr."]
[Black "Stenersen, Gudmund"]
[Result "1/2-1/2"]
[WhiteElo "2252"]
[BlackElo "2200"]
[PlyCount "42"]
[EventDate "2010.10.08"]
[WhiteTeam "Asker Schakklubb"]
[BlackTeam "SOSS (Oslo)"]

1. Nf3 d5 2. d4 c6 3. c4 Nf6 4. e3 e6 5. Bd3 dxc4 6. Bxc4 b5 7. Bb3 a6 8. a4
Bb7 9. Nbd2 Nbd7 10. Qe2 b4 11. a5 c5 12. O-O cxd4 13. exd4 Be7 14. Nc4 O-O 15.
Bf4 Nd5 16. Bg3 N7f6 17. Nfe5 h6 18. Rfd1 Rc8 19. Re1 Ra8 20. Red1 Ra7 21. Rdc1
Ra8 1/2-1/2

[Event "NM for klubblag"]
[Site "Drammen"]
[Date "2010.10.10"]
[Round "5"]
[White "Astrup, Kim Chr."]
[Black "Grotnes, Nils Ragnar"]
[Result "1-0"]
[WhiteElo "2233"]
[BlackElo "2120"]
[PlyCount "119"]
[EventDate "2010.10.08"]
[WhiteTeam "SOSS (Oslo)"]
[BlackTeam "Asker Schakklubb"]

1. Nf3 d5 2. c4 c6 3. g3 g6 4. Bg2 Bg7 5. cxd5 cxd5 6. d4 Nf6 7. Nc3 O-O 8. Ne5
Nbd7 9. O-O e6 10. f4 Ne8 11. b3 f6 12. Nd3 f5 13. Ne5 Nxe5 14. fxe5 Rf7 15.
Qd3 Bf8 16. Bd2 Rc7 17. Qf3 Kh8 18. g4 Bd7 19. gxf5 gxf5 20. Qh5 Ng7 21. Qh6
Qe8 22. Rf3 Nh5 23. Qe3 Qg6 24. Kh1 Be8 25. Rg1 Rg7 26. Rff1 f4 27. Qh3 Qh6 28.
Bxf4 Qxf4 29. Rxf4 Nxf4 30. Qf3 Ng6 31. Bh3 Bd7 32. e3 Bb4 33. Ne2 Rf8 34. Qh5
Bd2 35. Rg3 Rf2 36. Ng1 Bb4 37. Nf3 Be7 38. Ng5 Nf8 39. Nf3 Rxg3 40. hxg3 Rxa2
41. Qf7 Rf2 42. Bg4 Bb4 43. Bh5 h6 44. Kg1 Rxf3 45. Qxf3 a5 46. Qf6+ Kh7 47.
Bd1 b5 48. Bc2+ Kg8 49. g4 a4 50. bxa4 bxa4 51. Qxh6 a3 52. Bb1 Be7 53. g5 Be8
54. Kf2 Bg6 55. Bxg6 a2 56. Bh7+ Nxh7 57. Qxe6+ Kf8 58. g6 Bh4+ 59. Kg2 Ng5 60.
Qa6 1-0

[Event "NM for klubblag"]
[Site "Drammen"]
[Date "2010.10.10"]
[Round "5"]
[White "Botheim, Tor"]
[Black "Hamre, Kenneth"]
[Result "0-1"]
[WhiteElo "1931"]
[BlackElo "1810"]
[PlyCount "94"]
[EventDate "2010.10.08"]
[WhiteTeam "1911 2"]
[BlackTeam "Sarpsborg SK"]

1. e4 c5 2. Nf3 d6 3. d4 cxd4 4. Nxd4 Nf6 5. Nc3 g6 6. Be3 Bg7
7. f3 a6 8. Qd2 Nbd7 9. O-O-O Qc7 10. g4 Nb6 11. h4 h5 12. g5 Nfd7 13. f4 Nc5
14. Be2 Bd7 15. Rhf1 Rc8 16. f5 O-O 17. f6 Bh8 18. Nb3 Nca4 19. Nxa4 Nxa4 20.
Kb1 Rfe8 21. Rf4 b5 22. Bd3 Be6 23. Rf2 Nb6 24. Bxb6 Qxb6 25. Rdf1 Bc4 26. c3
a5 27. Nc1 b4 28. cxb4 axb4 29. Bxc4 Rxc4 30. Qd5 Qc5 31. Qxc5 dxc5 32. Nd3
exf6 33. e5 f5 34. Re1 Rxh4 35. Nxc5 Rxe5 36. Rxe5 Bxe5 37. Nd7 Bd4 38. Rd2 Rf4
39. a4 bxa3 40. bxa3 h4 41. a4 h3 42. a5 Rf1+ 43. Kc2 Rf2 44. Nf6+ Kg7 45. a6
Rxd2+ 46. Kxd2 h2 47. a7 Bxa7 0-1

[Event "NM for klubblag"]
[Site "Drammen"]
[Date "2010.10.10"]
[Round "5"]
[White "Fjellengen, Bård"]
[Black "Kjøita, Henning"]
[Result "1/2-1/2"]
[WhiteElo "1789"]
[BlackElo "1849"]
[PlyCount "93"]
[EventDate "2010.10.08"]
[WhiteTeam "Sarpsborg SK"]
[BlackTeam "1911 2"]

1. d4 d5 2. Nf3 e6 3. e3 c5 4. dxc5 Bxc5 5. c4 Nf6 6. Nc3 O-O 7. cxd5 exd5 8.
Be2 Nc6 9. O-O Bf5 10. a3 d4 11. exd4 Nxd4 12. Nxd4 Bxd4 13. Nb5 Be5 14. Qxd8
Rfxd8 15. f4 Bb8 16. Nc3 a6 17. Bf3 Ba7+ 18. Kh1 Rd7 19. h3 Rc8 20. g4 Be6 21.
f5 Bc4 22. Rd1 Re8 23. Bg5 Rde7 24. Bxf6 gxf6 25. Kg2 Kg7 26. Nd5 Bxd5 27. Rxd5
Rc7 28. Rad1 Rc2+ 29. R5d2 Rxd2+ 30. Rxd2 Re7 31. a4 Be3 32. Re2 a5 33. b3 b6
34. Bd5 Bc5 35. Rxe7 Bxe7 36. Kf3 Bd6 37. Ke4 Kf8 38. Kd4 Ke7 39. Kc4 h6 40.
Kb5 Bc5 41. Kc6 Bf2 42. h4 Bxh4 43. Kxb6 Be1 44. Be4 Bb4 45. Kc6 Be1 46. Bd5
Bb4 47. Bc4 1/2-1/2

[Event "NM for klubblag"]
[Site "Drammen"]
[Date "2010.10.10"]
[Round "5"]
[White "Kjølberg, Jens Hiorth"]
[Black "Lunde, Sigmund"]
[Result "1-0"]
[WhiteElo "1724"]
[BlackElo "1727"]
[PlyCount "70"]
[EventDate "2010.10.08"]
[WhiteTeam "1911 2"]
[BlackTeam "Sarpsborg SK"]

1. e4 d5 2. exd5 Qxd5 3. Nf3 Bg4 4. Be2 c6 5. d4 Nf6 6. O-O e6
7. c4 Qd6 8. Nc3 Nbd7 9. h3 h5 10. Be3 g6 11. Qd2 Bxf3 12. Bxf3 O-O-O 13. Rfd1
Qb4 14. b3 Bd6 15. a3 Qa5 16. b4 Qc7 17. Rac1 Nb6 18. Nb5 Bh2+ 19. Kh1 Qb8 20.
Nxa7+ Qxa7 21. Kxh2 Qxa3 22. Bg5 Ng4+ 23. Bxg4 hxg4 24. Rc3 Qxb4 25. Bxd8 Rxd8
26. Qc2 gxh3 27. g3 Qe7 28. Rb3 Nd7 29. Rdb1 Nf6 30. Qa2 Ng4+ 31. Kxh3 Qg5 32.
Qa8+ Kd7 33. Rxb7+ Ke8 34. Qxd8+ Qxd8 35. Rb8 Nxf2+ {(Tid)} 1-0

[Event "NM for klubblag"]
[Site "Drammen"]
[Date "2010.10.10"]
[Round "5"]
[White "Andersen, Dag"]
[Black "Kjøita, Torgeir"]
[Result "1/2-1/2"]
[WhiteElo "1717"]
[BlackElo "1627"]
[PlyCount "91"]
[EventDate "2010.10.08"]
[WhiteTeam "Sarpsborg SK"]
[BlackTeam "1911 2"]

1. d4 d5 2. Nf3 Nf6 3. c4 e6 4. g3 c6 5. Qc2 Be7 6. Bg2 O-O 7. O-O b6 8. b3 Bb7
9. Bb2 Nbd7 10. Nc3 Rc8 11. Rfd1 Qc7 12. Rac1 dxc4 13. bxc4 Bb4 14. Qb3 Bxc3
15. Bxc3 c5 16. dxc5 Nxc5 17. Qa3 Nce4 18. Be5 Qc5 19. Qxc5 Nxc5 20. Bb2 Rfd8
21. Ne5 Bxg2 22. Kxg2 Nb7 23. Rxd8+ Rxd8 24. Nd3 Nd7 25. Ba3 Rc8 26. Kf3 f6 27.
e4 Kf7 28. Ke3 g6 29. f4 Na5 30. c5 b5 31. Bb4 Nc4+ 32. Kd4 e5+ 33. Kd5 a5 34.
Be1 Nb8 35. c6 Rxc6 36. fxe5 fxe5 37. Rxc4 Re6 38. Rc7+ Kf6 39. Bd2 Re8 40. Rc3
Rd8+ 41. Kc5 b4 42. Rb3 a4 43. Rb2 Rxd3 44. Bxb4 Na6+ 45. Kb5 Nxb4 46. Rxb4
1/2-1/2

[Event "NM for klubblag"]
[Site "Drammen"]
[Date "2010.10.10"]
[Round "5"]
[White "Hjelmås, Lars"]
[Black "Omtvedt, Per"]
[Result "1-0"]
[WhiteElo "2248"]
[BlackElo "1877"]
[PlyCount "37"]
[EventDate "2010.10.08"]
[WhiteTeam "Drammen Tigers"]
[BlackTeam "Stjernen SK"]

1. d4 Nf6 2. c4 e6 3. Nc3 d5 4. Nf3 c6 5. g3 Nbd7 6. Bg2 b6 7. O-O Bb7 8. Qd3
Be7 9. Rd1 O-O 10. e4 dxe4 11. Nxe4 c5 12. d5 exd5 13. cxd5 Bxd5 14. Nfg5 Bxe4
15. Nxe4 Rc8 16. Bh3 Ne5 17. Qe2 Qc7 18. Bf4 Rcd8 19. Nc3 1-0

[Event "NM for klubblag"]
[Site "Drammen"]
[Date "2010.10.10"]
[Round "5"]
[White "Liabøtrø, Pål-Ole"]
[Black "Breivik, Lars"]
[Result "1-0"]
[WhiteElo "2248"]
[BlackElo "1877"]
[PlyCount "75"]
[EventDate "2010.10.08"]
[WhiteTeam "Stjernen SK"]
[BlackTeam "Drammen Tigers"]

1. c4 e5 2. Nc3 Nc6 3. g3 f5 4. Bg2 Nf6 5. e3 Bb4 6. Nd5 a5 7. Ne2 Nxd5 8. cxd5
Ne7 9. a3 Bd6 10. d3 c6 11. Nc3 O-O 12. O-O Kh8 13. f4 Rb8 14. fxe5 Bxe5 15. d4
Bc7 16. e4 d6 17. Bg5 Qe8 18. Qd2 Ng8 19. Rae1 Qg6 20. exf5 Bxf5 21. dxc6 bxc6
22. Bxc6 Bb6 23. Be3 Nf6 24. Bg2 Ng4 25. Nd5 Nxe3 26. Rxe3 Ba7 27. Ne7 Qg5 28.
h4 Rxb2 29. hxg5 Rxd2 30. Nxf5 g6 31. Nh6 Rb8 32. Ref3 Bxd4+ 33. Kh1 Bg7 34.
Bh3 Rd5 35. Be6 Rc5 36. Nf7+ Kg8 37. Ne5+ Kh8 38. Nd7 1-0

[Event "NM for klubblag"]
[Site "Drammen"]
[Date "2010.10.10"]
[Round "5"]
[White "Henriksen, Geir I"]
[Black "Grebstad, Kjell Børre"]
[Result "1/2-1/2"]
[WhiteElo "2133"]
[BlackElo "1840"]
[PlyCount "81"]
[EventDate "2010.10.08"]
[WhiteTeam "Drammen Tigers"]
[BlackTeam "Stjernen SK"]

1. d4 Nf6 2. c4 e6 3. Nf3 d5 4. Nc3 Be7 5. Bg5 O-O 6. e3 Nbd7 7. Rc1 c6 8. Bd3
dxc4 9. Bxc4 b5 10. Bd3 Bb7 11. O-O a6 12. Bxf6 gxf6 13. Qc2 h6 14. Ne4 c5 15.
dxc5 Nxc5 16. Nxc5 Bxc5 17. Be4 Bxe4 18. Qxe4 Qe7 19. Rc3 Rad8 20. Rfc1 Rd5 21.
g3 Rfd8 22. Kg2 f5 23. Qc2 Bb6 24. Rc8 Qb7 25. Qc6 Qxc6 26. R1xc6 Rxc8 27.
Rxc8+ Bd8 28. Nd4 Kg7 29. Ra8 Bf6 30. Rxa6 Bxd4 31. exd4 Rxd4 32. Ra5 Rd5 33.
a3 Kf6 34. b3 Ke5 35. Ra7 Rd3 36. b4 Kf6 37. Ra5 e5 38. Rxb5 Rxa3 39. Rb6+ Kg7
40. Rc6 Rb3 41. Rc5 1/2-1/2

[Event "NM for klubblag"]
[Site "Drammen"]
[Date "2010.10.10"]
[Round "5"]
[White "Sørgjerd, Jan"]
[Black "Kvisla, Johannes"]
[Result "0-1"]
[WhiteElo "1983"]
[BlackElo "2078"]
[PlyCount "100"]
[EventDate "2010.10.08"]
[WhiteTeam "Nordstrand SK 1"]
[BlackTeam "Stavanger SK 2"]

1. d4 e6 2. c4 f5 3. g3 Nf6 4. Bg2 c6 5. Nf3 d5 6.
O-O Bd6 7. b3 Qe7 8. Bb2 b6 9. Qc2 Bb7 10. Nbd2 O-O 11. Ne5 a5 12. Ndf3 Na6 13.
e3 Rac8 14. Qe2 Ne4 15. Nd3 Nb4 16. Nfe5 Nxd3 17. Nxd3 c5 18. Rfc1 dxc4 19.
bxc4 Rfd8 20. Rc2 Qf7 21. Rac1 Bf8 22. Rb1 Qc7 23. Ba1 g6 24. f3 Nd6 25. Nf4
Re8 26. d5 exd5 27. cxd5 Qf7 28. e4 Bh6 29. Ne6 b5 30. Qd1 Nc4 31. Re2 Qd7 32.
Qb3 Nd2 33. Qb2 Bg7 34. Nxg7 Nc4 35. Qf6 Qf7 36. Qxf7+ Kxf7 37. Ne6 b4 38. Rc2
Na3 39. Ng5+ Kg8 40. Rbc1 Nxc2 41. Rxc2 c4 42. f4 fxe4 43. Bxe4 b3 44. axb3
cxb3 45. Rxc8 Bxc8 46. d6 Bb7 47. Bf6 Bxe4 48. Nxe4 Rxe4 49. Kf2 Re6 50. d7 Rd6
0-1

[Event "NM for klubblag"]
[Site "Drammen"]
[Date "2010.10.10"]
[Round "5"]
[White "Pettersen, Joar Gullestad"]
[Black "Glenne, Bjørn Erik"]
[Result "1-0"]
[WhiteElo "2051"]
[BlackElo "2126"]
[PlyCount "89"]
[EventDate "2010.10.08"]
[WhiteTeam "Stavanger SK 2"]
[BlackTeam "Nordstrand SK 1"]

1. d4 Nf6 2. c4 d6 3. Nc3 Nbd7 4. Nf3 e5 5. Qc2 c6
6. g3 Be7 7. Bg2 O-O 8. O-O Qc7 9. b3 Ne8 10. Ba3 f5 11. dxe5 Nxe5 12. e3 Nxf3+
13. Bxf3 Be6 14. Rad1 Rd8 15. Rd2 g5 16. Bg2 Rf6 17. f4 Rh6 18. Rdf2 gxf4 19.
exf4 Nf6 20. Re2 Bc8 21. Rfe1 Bf8 22. Na4 Qf7 23. Bb2 d5 24. Bxf6 Rxf6 25. cxd5
cxd5 26. Re5 Kg7 27. Qd3 d4 28. Rc1 b6 29. Bd5 Rxd5 30. Rxc8 Bd6 31. Ree8 Re6
32. Rg8+ Qxg8 33. Rxg8+ Kxg8 34. Qc4 Bxf4 35. Qxd5 Be3+ 36. Kg2 Kf7 37. Qxf5+
Rf6 38. Qxh7+ Ke6 39. Qe4+ Kd6 40. h4 b5 41. Nc3 Rf2+ 42. Kh3 dxc3 43. Qxe3 c2
44. Qxf2 c1=Q 45. Qf4+ 1-0

[Event "NM for klubblag"]
[Site "Drammen"]
[Date "2010.10.10"]
[Round "5"]
[White "Baastø, Espen Peder"]
[Black "Havik, Victor"]
[Result "0-1"]
[WhiteElo "2014"]
[BlackElo "2078"]
[PlyCount "55"]
[EventDate "2010.10.08"]
[WhiteTeam "Nordstrand SK 1"]
[BlackTeam "Stavanger SK 2"]

1. d4 Nf6 2. c4 e6 3. Nc3 Bb4 4. Qc2 d5 5. Nf3 c5
6. Bg5 h6 7. Bh4 g5 8. Bg3 Ne4 9. Be5 O-O 10. Nd2 Nc6 11. e3 Nxd2 12. Qxd2 Nxe5
13. dxe5 d4 14. O-O-O Qa5 15. exd4 cxd4 16. Qxd4 Bxc3 17. Qxc3 Qxa2 18. Be2 b5
19. h4 Bb7 20. hxg5 Rfd8 21. gxh6 Be4 22. h7+ Kh8 23. Bd3 Rxd3 24. Rxd3 Qa1+
25. Kd2 Qxh1 26. Rg3 Rd8+ 27. Ke2 Qd1+ 28. Ke3 {Mangelfull notasjon.} 0-1

[Event "NM for klubblag"]
[Site "Drammen"]
[Date "2010.10.10"]
[Round "5"]
[White "Evensen, Tom R"]
[Black "Ingul, Tormod"]
[Result "1-0"]
[WhiteElo "2041"]
[BlackElo "1749"]
[PlyCount "111"]
[EventDate "2010.10.08"]
[WhiteTeam "Trondheim Sjakkforening"]
[BlackTeam "SMPOAÅ"]

1. d4 Nf6 2. Nf3 d6 3. g3 b6 4. Bg2 Bb7 5. O-O
Nbd7 6. c4 h6 7. Nc3 c5 8. d5 g5 9. Qc2 Bg7 10. Nd1 Ng4 11. Bd2 Nge5 12. Ne3
Bc8 13. Rac1 Ng6 14. Bc3 Nf6 15. Nf5 Bxf5 16. Qxf5 Qd7 17. Bh3 Rg8 18. Qxd7+
Nxd7 19. Bf5 Bxc3 20. Rxc3 Nde5 21. Bxg6 Nxf3+ 22. Rxf3 Rxg6 23. Ra3 Kd7 24. f4
g4 25. e4 f6 26. Re3 Re8 27. e5 f5 28. Rfe1 Rgg8 29. Kf2 h5 30. exd6 exd6 31.
Re6 a6 32. Rf6 Rxe1 33. Kxe1 Re8+ 34. Kd2 Re4 35. Kd3 b5 36. b3 Rd4+ 37. Kc2
bxc4 38. Rxf5 cxb3+ 39. axb3 Kc7 40. Rxh5 Kb6 41. Rg5 Kb5 42. Rxg4 Rxd5 43. Rg5
Rd4 44. f5 Re4 45. g4 Re2+ 46. Kd3 Rf2 47. Rg8 d5 48. Rb8+ Kc6 49. Ke3 Rf1 50.
h4 c4 51. bxc4 dxc4 52. g5 Rxf5 53. g6 Re5+ 54. Kd4 Re7 55. h5 c3 56. Kxc3 1-0

[Event "NM for klubblag"]
[Site "Drammen"]
[Date "2010.10.10"]
[Round "5"]
[White "Tørum, Arild"]
[Black "Larsen, Martin Halsvik"]
[Result "0-1"]
[WhiteElo "1571"]
[BlackElo "1871"]
[PlyCount "62"]
[EventDate "2010.10.08"]
[WhiteTeam "SMPOAÅ"]
[BlackTeam "Trondheim Sjakkforening"]

1. e4 c5 2. d4 cxd4 3. c3 dxc3 4. Nxc3 e6 5. Bc4
Nc6 6. Nf3 Bb4 7. O-O d6 8. Bf4 Bxc3 9. bxc3 e5 10. Bc1 Nf6 11. Ba3 Bg4 12. Qb3
O-O 13. Ng5 Qc7 14. f3 Bh5 15. Qc2 h6 16. Nh3 Rac8 17. Rad1 Rfd8 18. Bb3 Qa5
19. Bxd6 Rxd6 20. Rxd6 Qc5+ 21. Qf2 Qxd6 22. g4 Bg6 23. g5 Nh5 24. Rd1 Qe7 25.
Qg2 hxg5 26. Nxg5 Nf4 27. Qg4 Qxg5 28. Qxg5 Nh3+ 29. Kh1 Nxg5 30. Rg1 Bxe4 31.
fxe4 Nxe4 0-1

[Event "NM for klubblag"]
[Site "Drammen"]
[Date "2010.10.10"]
[Round "5"]
[White "Langmyhr, Tore"]
[Black "Dybik, Edvin"]
[Result "1-0"]
[WhiteElo "1846"]
[BlackElo "1532"]

[PlyCount "55"]
[EventDate "2010.10.08"]
[WhiteTeam "Trondheim Sjakkforening"]
[BlackTeam "SMPOAÅ"]

1. c4 Nf6 2. Nc3 e5 3. Nf3 Nc6 4. d4 exd4 5. Nxd4
Bb4 6. Bg5 Bxc3+ 7. bxc3 h6 8. Bh4 g5 9. Bg3 Ne4 10. Qc2 Nxg3 11. hxg3 Qf6 12.
e3 d6 13. Be2 Be6 14. Rb1 Nxd4 15. cxd4 Bc8 16. O-O O-O 17. Bd3 b6 18. f4 g4
19. Kf2 Bb7 20. Rh1 Kg7 21. Rh4 Bc8 22. f5 Qg5 23. e4 f6 24. Rbh1 Kh7 25. Rh5
Qg7 26. Qd2 Kg8 27. Rxh6 Qg5 28. Rg6+ 1-0

[Event "NM for klubblag"]
[Site "Drammen"]
[Date "2010.10.10"]
[Round "5"]
[White "Gunnufsen, Morten"]
[Black "Monsøy, Arild"]
[Result "0-1"]
[WhiteElo "1336"]
[BlackElo "1774"]
[PlyCount "134"]
[EventDate "2010.10.08"]
[WhiteTeam "SMPOAÅ"]
[BlackTeam "Trondheim Sjakkforening"]

1. e4 c5 2. c3 d6 3. d4 Nd7 4. Nf3 e6 5. Na3 a6 6.
Bd3 h6 7. O-O Ne7 8. Nc4 Nb6 9. Be3 Nxc4 10. Bxc4 b5 11. Bd3 c4 12. Bc2 Bb7 13.
Re1 g6 14. Qe2 Bg7 15. Rad1 O-O 16. Bc1 Qc7 17. h3 Kh7 18. Nh2 Rae8 19. Qd2 Ng8
20. Qe2 Qc6 21. f3 Qc7 22. Qf2 e5 23. d5 Bc8 24. Ng4 f5 25. Nh2 f4 26. Qd2 Bf6
27. Re2 Bd8 28. a4 Qe7 29. Qe1 Bb6+ 30. Kh1 h5 31. g4 hxg4 32. Nxg4 Nf6 33.
Qh4+ Nh5 34. Qxe7+ Rxe7 35. Kg2 Ng3 36. Ree1 g5 37. axb5 axb5 38. Bd2 Kg6 39.
Ra1 Bb7 40. Red1 Rh7 41. Be1 Rfh8 42. Bxg3 fxg3 43. Rh1 Rf8 44. Kxg3 Rhh8 45.
Rhf1 Rf7 46. Rh1 Bc8 47. Raf1 Bc5 48. Ra1 Rhf8 49. Raf1 Rb7 50. Ra1 b4 51. Ra6
Rbf7 52. Nxe5+ Kh5 53. Nxf7 Bxa6 54. Nxg5 Kxg5 55. h4+ Kh6 56. f4 bxc3 57. bxc3
Be3 58. Rf1 Bd2 59. Rf3 Rg8+ 60. Kh3 Rg1 61. f5 Kg7 62. Rg3+ Rxg3+ 63. Kxg3
Bxc3 64. Kg4 Bd2 65. Kf3 c3 66. Kg4 Be2+ 67. Kg3 Be1+ {Mangelfull notasjon.}
0-1

[Event "NM for klubblag"]
[Site "Drammen"]
[Date "2010.10.10"]
[Round "5"]
[White "Mattson, Håkan"]
[Black "Persen, Ole Morten"]
[Result "0-1"]
[WhiteElo "1880"]
[BlackElo "1590"]
[PlyCount "76"]
[EventDate "2010.10.08"]
[WhiteTeam "OSS 3"]
[BlackTeam "Modum Sjakklubb"]

1. d4 d5 2. c4 c6 3. Nf3 Nf6 4. Nc3 e6 5. e3 Nbd7 6. Bd3 dxc4 7. Bxc4 b5 8. Bd3
Bb7 9. O-O a6 10. e4 c5 11. d5 c4 12. Bc2 Qb6 13. dxe6 fxe6 14. Bg5 Bc5 15. e5
Ng4 16. Bh4 Be7 17. Bxe7 Kxe7 18. Qd2 h6 19. Ne4 Ngxe5 20. Qb4+ Kf7 21. Rad1
Nxf3+ 22. gxf3 Bd5 23. Qd2 Qc7 24. f4 Nf6 25. Nc3 Rad8 26. Qe3 g5 27. Qe5 Qxe5
28. fxe5 Nh5 29. Be4 Nf4 30. Bxd5 Nxd5 31. Ne4 Kg6 32. Nc5 Kf5 33. Rfe1 Nc7 34.
Nd7 Rh7 35. Nf6 Rxd1 36. Rxd1 Rf7 37. Nd7 Nd5 38. Re1 Rxd7 0-1

[Event "NM for klubblag"]
[Site "Drammen"]
[Date "2010.10.10"]
[Round "5"]
[White "Leite, Steinar"]
[Black "Undheim, Bjarne"]
[Result "0-1"]
[WhiteElo "1365"]
[BlackElo "1764"]
[PlyCount "72"]
[EventDate "2010.10.08"]
[WhiteTeam "Modum Sjakklubb"]
[BlackTeam "OSS 3"]

1. e4 d5 2. exd5 Nf6 3. Bc4 Nxd5 4. d4 Bf5 5. Nf3 e6 6. c3 c6 7. a4 Bd6 8. Na3
Nd7 9. Nc2 O-O 10. Ne3 Bg6 11. Nxd5 exd5 12. Bd3 Re8+ 13. Be3 Bf4 14. O-O Bxe3
15. Bxg6 Bxf2+ 16. Rxf2 hxg6 17. Qd2 Nf6 18. Qf4 Re4 19. Qg5 Ng4 20. Rd2 Qxg5
21. Nxg5 Re7 22. b4 Re3 23. Rc1 Rae8 24. Nf3 Re2 25. h3 Rxd2 26. Nxd2 Re2 27.
Nf1 Nf2 28. c4 Nd3 29. Rc3 Nxb4 30. cxd5 Nxd5 31. Rb3 b6 32. Nh2 Ra2 33. Nf3 f6
34. Kh2 Rxa4 35. Rb2 Rc4 36. Kg3 a5 0-1

[Event "NM for klubblag"]
[Site "Drammen"]
[Date "2010.10.10"]
[Round "5"]
[White "Jensen, Torben Winther"]
[Black "Haugland , Rasmus L"]
[Result "1-0"]
[WhiteElo "1388"]
[BlackElo "1094"]
[PlyCount "69"]
[EventDate "2010.10.08"]
[WhiteTeam "OSS 3"]
[BlackTeam "Modum Sjakklubb"]

1. e4 c5 2. Nf3 Nc6 3. d4 cxd4 4. Nxd4 Nf6 5. Nc3 e5 6. Ndb5 d6 7. Bg5 a6 8.
Bxf6 gxf6 9. Na3 f5 10. Qh5 b5 11. Nd5 fxe4 12. O-O-O Be6 13. c3 Rc8 14. Kb1
Bg7 15. Nc2 Bxd5 16. Rxd5 Qf6 17. Be2 Rd8 18. Ne3 Ne7 19. Rf1 Nxd5 20. Nxd5 Qg6
21. Qh3 e3+ 22. Ka1 exf2 23. Qe3 Qxg2 24. Nc7+ Ke7 25. Rxf2 Qb7 26. Qg5+ Kd7
27. Rxf7+ Kc8 28. Bf3 Qb6 29. Nd5 Qf2 30. Bg4+ Kb8 31. Rxf2 Rhg8 32. Qe7 Rc8
33. Qxd6+ Ka8 34. Nb6+ Ka7 35. Rf7+ 1-0

[Event "NM for klubblag"]
[Site "Drammen"]
[Date "2010.10.10"]
[Round "5"]
[White "Yilmas, Kazim"]
[Black "Børresen, Jon"]
[Result "0-1"]
[WhiteElo "757"]
[BlackElo "1300"]
[PlyCount "70"]
[EventDate "2010.10.08"]
[WhiteTeam "Modum Sjakklubb"]
[BlackTeam "OSS 3"]

1. e4 c5 2. d4 cxd4 3. Qxd4 Nc6 4. Qd1 g6 5. Nf3 Bg7 6. Nc3 d6 7. Bd3 Nf6 8.
Bg5 O-O 9. Qc1 Qa5 10. O-O Bg4 11. Nd2 Qxg5 12. f4 Qc5+ 13. Kh1 Nb4 14. Nb3
Nxd3 15. cxd3 Qh5 16. d4 Rac8 17. Qe3 Bd7 18. d5 Ng4 19. Qg3 Bxc3 20. Kg1 Bxb2
21. Rad1 Rc3 22. Rf3 Rfc8 23. h3 Rxf3 24. Qxf3 Nf6 25. Nd2 Qxf3 26. gxf3 Bxh3
27. Nb3 Nh5 28. Rd2 Bc1 29. Nxc1 Rxc1+ 30. Kh2 Nxf4 31. Kg3 g5 32. Rb2 Rg1+ 33.
Kh2 Rg2+ 34. Rxg2 Bxg2 35. Kg3 h5 0-1

[Event "NM for klubblag"]
[Site "Drammen"]
[Date "2010.10.10"]
[Round "5"]
[White "Mikalsen, Erlend"]
[Black "Haugli, Petter"]
[Result "0-1"]
[WhiteElo "1931"]
[BlackElo "2255"]
[PlyCount "78"]
[EventDate "2010.10.08"]
[WhiteTeam "Alta Sjakklubb"]
[BlackTeam "Moss Schakklub 1"]

1. e4 c5 2. Nf3 e6 3. d4 cxd4 4. Nxd4 Bc5 5. Nb3 Bb6 6. Bd3 Ne7 7. O-O O-O 8.
Nc3 Nbc6 9. Kh1 f5 10. f4 fxe4 11. Nxe4 Nf5 12. Qe1 a5 13. g4 Nfe7 14. f5 d5
15. Nec5 exf5 16. Ne6 Bxe6 17. Qxe6+ Kh8 18. Bg5 Qc8 19. gxf5 Qxe6 20. fxe6 h6
21. Bh4 a4 22. Nd2 Bd4 23. c3 Be5 24. Rae1 g5 25. Bf2 a3 26. Bc5 Rxf1+ 27. Bxf1
axb2 28. Rxe5 Nxe5 29. Bxe7 Nf3 30. Nb1 Rxa2 31. Ba3 Kg8 32. Bd3 Ne5 33. Bf5
Kg7 34. Kg2 Kf6 35. Kf1 Kxf5 36. e7 Ra1 37. e8=Q Rxb1+ 38. Kf2 Rf1+ 39. Kxf1
b1=Q+ 0-1

[Event "NM for klubblag"]
[Site "Drammen"]
[Date "2010.10.10"]
[Round "5"]
[White "Hagen, Anders G"]
[Black "Mikalsen, Odd Erling"]
[Result "1-0"]
[WhiteElo "2081"]
[BlackElo "1759"]
[PlyCount "87"]
[EventDate "2010.10.08"]
[WhiteTeam "Moss Schakklub 1"]
[BlackTeam "Alta Sjakklubb"]

1. d4 Nf6 2. c4 e5 3. dxe5 Ne4 4. a3 a5 5. Nf3 Nc6 6. Qc2 Nc5 7. Bf4 d6 8. e3
Bg4 9. exd6 Bxd6 10. Bxd6 Qxd6 11. Nbd2 Qe6 12. Be2 Bf5 13. Qc3 Na4 14. Qb3 Nc5
15. Qc3 Na4 16. Qc1 Nc5 17. O-O a4 18. Nd4 Qg6 19. Nxc6 Qxc6 20. Qc3 O-O 21.
Bf3 Qb6 22. Rad1 Rad8 23. Nb1 Bd3 24. Rfe1 Qg6 25. Qe5 Ne6 26. Nc3 Ng5 27. Qg3
Nxf3+ 28. Qxf3 Qa6 29. c5 c6 30. Qf4 Bc2 31. Rd6 Rde8 32. Qd4 Qa5 33. Re2 Bb3
34. Rd2 Rb8 35. h3 h6 36. e4 Rfc8 37. Ne2 b5 38. Ng3 g6 39. h4 Be6 40. h5 Kh7
41. hxg6+ Kxg6 42. Nf5 Rg8 43. Qe3 Rh8 44. Qg3+ 1-0

[Event "NM for klubblag"]
[Site "Drammen"]
[Date "2010.10.10"]
[Round "5"]
[White "Mikalsen, Harald"]
[Black "Johansen, Paul"]
[Result "0-1"]
[WhiteElo "1696"]
[BlackElo "2023"]
[PlyCount "72"]
[EventDate "2010.10.08"]
[WhiteTeam "Alta Sjakklubb"]
[BlackTeam "Moss Schakklub 1"]

1. e4 e6 2. d4 d5 3. exd5 exd5 4. Bd3 Bd6 5. h3 Ne7 6. Nf3 Bf5 7. O-O Bxd3 8.
Qxd3 Nbc6 9. Be3 Qd7 10. Nbd2 Qf5 11. Qb3 O-O-O 12. c4 Bf4 13. Rac1 g5 14. g4
Qg6 15. cxd5 Nxd5 16. Rc5 Bxe3 17. fxe3 Qe6 18. Nxg5 Qxe3+ 19. Qxe3 Nxe3 20.
Rxf7 Rxd4 21. Ndf3 Rd7 22. Ne5 Nxe5 23. Rxe5 Nc4 24. Ree7 Rxe7 25. Rxe7 Nxb2
26. Nxh7 c5 27. Kf2 c4 28. Ke2 Rd8 29. Ng5 c3 30. Ne6 Rd2+ 31. Ke3 Nd1+ 32. Kf4
b5 33. Rxa7 Kb8 34. Ra5 Rd5 35. Ke4 c2 36. Kxd5 Nc3+ 0-1

[Event "NM for klubblag"]
[Site "Drammen"]
[Date "2010.10.10"]
[Round "5"]
[White "Olsen, Robin"]
[Black "Jacobsen, Alf Gøran"]
[Result "1-0"]
[WhiteElo "1864"]
[BlackElo "1618"]
[PlyCount "69"]
[EventDate "2010.10.08"]
[WhiteTeam "Moss Schakklub 1"]
[BlackTeam "Alta Sjakklubb"]

1. d4 d5 2. Nf3 Nf6 3. g3 e6 4. Bg2 b6 5. O-O Bb7 6. c4 Nbd7 7. Qa4 Be7 8. Ne5
O-O 9. Nc6 Qe8 10. Nxe7+ Qxe7 11. Nc3 c5 12. cxd5 Nxd5 13. e4 Nc7 14. d5 Ne8
15. Bf4 e5 16. Bd2 Nd6 17. f4 a6 18. Rae1 b5 19. Qc2 Rac8 20. Bh3 f6 21. Nd1 c4
22. Bb4 Ra8 23. Be6+ Kh8 24. Bxd7 Qxd7 25. fxe5 fxe5 26. Ne3 Rxf1+ 27. Rxf1 a5
28. Qf2 h6 29. Bxd6 Qxd6 30. Nf5 Qc7 31. Nh4 Qd6 32. Qf7 Ba6 33. Ng6+ Kh7 34.
Nf8+ Kh8 35. Qf5 1-0